|
|
|
|
| LEADER |
01082nam a2200337 a 4500 |
| 001 |
000642676 |
| 003 |
CZ BrMZK |
| 005 |
20080613121305.0 |
| 007 |
ta |
| 008 |
021217s2002 xr g f cze d |
| 015 |
|
|
|a cnb001186602
|
| 020 |
|
|
|a 80-237-3740-6
|
| 035 |
|
|
|a (OCoLC)53267134
|
| 040 |
|
|
|a BOA001
|b cze
|
| 072 |
|
7 |
|a 821.162.3-3
|x Česká próza
|2 Konspekt
|9 25
|
| 080 |
|
|
|a 821.162.3-31
|2 MRF
|
| 080 |
|
|
|a (0:82-311.9)
|2 MRF
|
| 100 |
1 |
|
|a Procházka, Jiří Walker,
|d 1959-
|7 ola2002110922
|4 aut
|
| 245 |
1 |
0 |
|a Jablka z Beltamoru /
|c Jiří Walker Procházka
|
| 250 |
|
|
|a Vyd. 1.
|
| 260 |
|
|
|a Praha :
|b Ivo Železný,
|c 2002
|
| 300 |
|
|
|a 122 s. ;
|c 19 cm
|
| 490 |
1 |
|
|a Delfín
|
| 490 |
1 |
|
|a Mark Stone. Řada A ;
|v sv. 4 (63)
|
| 655 |
|
7 |
|a české romány
|7 fd133974
|2 czenas
|
| 655 |
|
7 |
|a vědecko-fantastické romány
|7 fd133847
|2 czenas
|
| 830 |
|
0 |
|a Delfín (Ivo Železný)
|0 s
|
| 830 |
|
0 |
|a Mark Stone.
|n Řada A
|
| 910 |
|
|
|a BOA001
|b 1-1111.103
|
| 990 |
|
|
|a BK
|
| 996 |
6 |
|
|b 2610177664
|c 1-1111.103
|l MZK
|r Sklad / do 1 hodiny
|n 0
|p p.v.
|w 000642676
|u 000010
|a 1
|e BOA001
|j MZK50
|s P
|